A note on the farmer's law

Αποθηκεύτηκε σε:
Λεπτομέρειες βιβλιογραφικής εγγραφής
Κύριος συγγραφέας: Laiou, Angeliki E.
Μορφή: Βιβλίο
Γλώσσα:English
Δημοσίευση: Brussels : [s.n.], 1971.
Θέματα:
Ετικέτες: Προσθήκη ετικέτας
Δεν υπάρχουν, Καταχωρήστε ετικέτα πρώτοι!

MARC

LEADER 00000cam a2200000 a 4500
001 1/121509
008 200605s1971####be |||||||||||||| ||eng||
040 |a GR-MyUa  |b gre  |c GR-MyUa  |e AACR2 
041 0 |a eng 
082 7 |a 938.303   |2 (23) 
100 1 |a Laiou, Angeliki E. 
245 1 2 |a A note on the farmer's law   |h [ανάτυπο] /   |c Laiou A. E.  
260 |a Brussels :   |b [s.n.],   |c 1971.  
300 |a 197-204 σ. ;   |c 24 εκ.  
500 |a Ανάτυπο από το Byzantion, V. XLI (1971).  
504 |a Περιλαμβάνει βιβλιογραφικές παραπομπές.  
651 0 |a Byzantine Empire  |x Economic conditions. 
651 0 |a Byzantine Empire  |x Social conditions. 
852 |a INST  |b LESVOS  |e 20200605  |h 938.303 LAI  |p 005100062373  |q 005100062373  |t BK  |y 0 
920 |a Λαΐου   |b Αγγελική  |y Λέσβος  |z 2007-03 
970 |a Καμάτσου  |b Δέσποινα  |z 05-06-2020